Pokémon by Picture: Generation IV - Statistics

General Stats
  • This quiz has been taken 5,616 times
  • The average score is 79 of 107
Answer Stats
Picture Answer % Correct
Piplup
94%
Turtwig
94%
Bidoof
91%
Chimchar
91%
Infernape
88%
Lucario
88%
Leafeon
87%
Starly
87%
Empoleon
85%
Glaceon
85%
Torterra
85%
Garchomp
84%
Luxray
84%
Shinx
84%
Staraptor
83%
Arceus
82%
Combee
82%
Dialga
82%
Munchlax
82%
Palkia
82%
Riolu
82%
Rotom
81%
Gible
80%
Lopunny
80%
Porygon-Z
80%
Darkrai
79%
Roserade
79%
Staravia
79%
Buneary
78%
Giratina
78%
Mime Jr.
78%
Monferno
78%
Regigigas
78%
Togekiss
78%
Gallade
77%
Luxio
77%
Abomasnow
76%
Bronzor
76%
Budew
76%
Buizel
76%
Grotle
76%
Mamoswine
76%
Prinplup
76%
Spiritomb
76%
Bibarel
75%
Drifloon
75%
Floatzel
75%
Gabite
75%
Kricketune
75%
Magnezone
75%
Kricketot
74%
Pachirisu
74%
Toxicroak
74%
Bronzong
73%
Magmortar
73%
Mismagius
73%
Rhyperior
73%
Weavile
73%
Ambipom
72%
Heatran
72%
Shaymin
72%
Tangrowth
72%
Chatot
71%
Cherubi
71%
Croagunk
71%
Dusknoir
71%
Honchkrow
71%
Purugly
71%
Uxie
71%
Vespiquen
71%
Yanmega
71%
Burmy
70%
Electivire
70%
Skuntank
70%
Stunky
70%
Azelf
69%
Bonsly
69%
Cresselia
69%
Gastrodon
69%
Lickilicky
69%
Shellos
69%
Cranidos
68%
Drifblim
68%
Gliscor
68%
Probopass
68%
Shieldon
68%
Carnivine
67%
Froslass
67%
Happiny
67%
Mesprit
67%
Rampardos
67%
Skorupi
67%
Snover
67%
Bastiodon
66%
Glameow
66%
Hippowdon
66%
Manaphy
66%
Mantyke
66%
Hippopotas
65%
Chingling
63%
Finneon
63%
Lumineon
63%
Cherrim
62%
Drapion
62%
Phione
60%
Wormadam
60%
Mothim
58%
No matching quizzes found
Score Distribution
Percent of People with Each Score
Percentile by Number Answered
Your Score History
You have not taken this quiz